000 00292nam a22001337a 4500
008 181101b xxu||||| |||| 00| 0 eng d
020 _a0716708233
041 _aeng
080 _22nd
_a573
100 _a11
101 _aBIO
245 _aHorticultural Science
_cJanick, J
942 _2udc
_cBK
999 _c51536
_d51536